|
|
|
|
| LEADER |
00000nas a22000005a 4500 |
| 001 |
ssj0000970110 |
| 003 |
WaSeSS |
| 005 |
20200512172242.0 |
| 006 |
m d |
| 007 |
cr n |
| 008 |
090813c20019999ir qr s 0 0eng |
| 022 |
|
|
|l 1028-6276
|y 1028-6276
|
| 035 |
|
|
|a (WaSeSS)ssj0000970110
|
| 040 |
|
|
|a DNLM
|c DNLM
|d WaSeSS
|
| 041 |
0 |
|
|a eng
|b per
|
| 245 |
0 |
0 |
|a Iranian journal of science and technology.
|n Transaction A,
|p Science
|h [electronic resource].
|
| 246 |
1 |
3 |
|a IJST
|
| 260 |
|
|
|a Shiraz, Islamic Republic of Iran :
|b Shiraz University
|
| 310 |
|
|
|a Quarterly
|
| 362 |
1 |
|
|a Began in 2001 with v. 25.
|
| 506 |
|
|
|a License restrictions may limit access.
|
| 515 |
|
|
|a Vol. 31, no. A3 called winter 2007 but constitutes summer 2007.
|
| 546 |
|
|
|a In English; abstracts in Persian.
|
| 588 |
|
|
|a Description based on: Vol. 31, no. A1 (winter 2007); title from cover.
|
| 655 |
|
0 |
|a Electronic journals.
|
| 710 |
2 |
|
|a Dānishgāh-i Shīrāz.
|
| 780 |
0 |
1 |
|t Iranian journal of science and technology
|x 0360-1307
|
| 856 |
4 |
0 |
|z Full text available from Research Library: 01/01/2012 to 10/31/2018
|u https://search.proquest.com/publication/1966378
|
| 950 |
|
0 |
|a Science
|v Periodicals.
|